Impactos de los Talleres Creativos de la Escuela La Milagrosa del Barrio Getsemani / (Registro nro. 5049)

Detalles MARC
000 -LEADER
fixed length control field 01317nam a2200313 4500
003 - CONTROL NUMBER IDENTIFIER
control field CO-CtgCURN
005 - DATE AND TIME OF LATEST TRANSACTION
control field 20250329165452.0
008 - FIXED-LENGTH DATA ELEMENTS--GENERAL INFORMATION
fixed length control field 160531s1995 000 0 eng d
040 ## - CATALOGING SOURCE
Original cataloging agency CO-CtgCURN
Language of cataloging spa
Transcribing agency coctgcurn
082 0# - DEWEY DECIMAL CLASSIFICATION NUMBER
Classification number LEP 1995
Item number A594
245 00 - TITLE STATEMENT
Title Impactos de los Talleres Creativos de la Escuela La Milagrosa del Barrio Getsemani /
Statement of responsibility, etc. Ana Angulo ... [et al.].
260 ## - PUBLICATION, DISTRIBUTION, ETC.
Place of publication, distribution, etc. Cartagena de Indias :
Name of publisher, distributor, etc. Corporacion Universitaria Rafael Nuñez,
Date of publication, distribution, etc. 1995.
300 ## - PHYSICAL DESCRIPTION
Extent 147 p.
336 ## - CONTENT TYPE
Source rdacontent
337 ## - MEDIA TYPE
Source rdamedia
Media type term sin mediacion
Media type code n
338 ## - CARRIER TYPE
Source rdacarrier
Carrier type term volumen
Carrier type code nc
502 ## - DISSERTATION NOTE
Dissertation note Trabajo de grado (Licenciado en Educacion Pre-escolar). Corporacion Universitaria Rafael Nuñez. Facultad de Ciencias Sociales y Humanas. Licenciatura en Educacion Pre-escolar, 1995.
504 ## - BIBLIOGRAPHY, ETC. NOTE
Bibliography, etc. note Incluye bibliografia.
590 ## - LOCAL NOTE (RLIN)
Local note Licenciatura en Educacion Preescolar
650 #0 - SUBJECT ADDED ENTRY--TOPICAL TERM
Topical term or geographic name entry element Licenciatura en Educacion Preescolar
Form subdivision Tesis y disertaciones academicas.
700 1# - ADDED ENTRY--PERSONAL NAME
Personal name Angulo, Ana.
700 1# - ADDED ENTRY--PERSONAL NAME
Personal name Narvaez, Urelis.
700 1# - ADDED ENTRY--PERSONAL NAME
Personal name Palomino, Enalba.
700 1# - ADDED ENTRY--PERSONAL NAME
Personal name Sala, Benilda.
700 1# - ADDED ENTRY--PERSONAL NAME
Personal name Romero, Ingrid.
856 7# - ELECTRONIC LOCATION AND ACCESS
Public note Click aqui para ver el recurso en texto completo
942 ## - ADDED ENTRY ELEMENTS (KOHA)
Classification part LEP 1995
Item part A594
Source of classification or shelving scheme Dewey Decimal Classification
Koha item type Trabajos de grado
Existencias
Withdrawn status Lost status Source of classification or shelving scheme Damaged status Not for loan Collection Home library Current library Shelving location Date acquired Cost, normal purchase price Inventory number Total checkouts Full call number Barcode Date last seen Copy number Price effective from Koha item type
    Dewey Decimal Classification     Trabajos de grado Miguel Henríquez Castañeda Miguel Henríquez Castañeda Trabajo de grado 03/16/2018 35000.00 020295   LEP 1995 A594 020295 03/16/2018 1 03/16/2018 Trabajos de grado